000 00544nam a2200193 u 4500
005 20220821184004.0
008 100603s2008 r 000 0 eng d
020 _a9789708120524
035 _aUPN01000176301
049 _aCG
050 4 _aPQ7297 F9.8
_bA3.8b
100 1 _aFuentes, Carlos,
_d1928-2012
245 1 0 _aAgua quemada /
_cCarlos Fuentes.
260 _aMéxico :
_bPunto de Lectura,
_c2008.
300 _a135 p.
440 0 _aPunto de lectura ;
_v8/5
651 0 _aMéxico
_xHistoria
_y1910-1946 -
_vNovela
_94600
905 _aLibro
999 _c148404
_d148404